banner-ar

حرب اليمن 1994 : (Record no. 63375)

MARC details
000 -الفاتح
حقل البيانات ثابتة الطول 00952nam a22002297a 4500
005 - وقت وتاريخ اخر تعامل مع التسجيلة
رقم الضبط 20240530110637.0
008 - عناصر البيانات ثابتة الطول - معلومات عامة
حقل البيانات ثابتة الطول 170926s2014 ts g r 000 0 ara d
020 ## - الرقم الدولى المعيارى للكتب
الرقم الدولى المعيارى للكتاب 9789948149682
040 ## - مصدر الفهرسة
وكالة الفهرسة الأصلية EG-CaGPL
وكالة النسخ EG-CaGPL
082 04 - رقم تصنيف ديوى العشرى
رقم الطبعة 21
رقم التصنيف 953.2081 /
رقم المادة ج ح
100 0# - المدخل الرئيسى - إسم شخصى
الإسم الشخصى جمال سند السويدى
245 10 - بيان العنوان
العنوان حرب اليمن 1994 :
بقية العنوان الاسباب و النتائج /
بيان المسئوليه,etc اعداد جمال سند السويدى ، مايكل هدسون ، بول دريش
250 ## - بيان الطبعة
بيان الطبعة ط. 4
260 ## - PUBLICATION, DISTRIBUTION, ETC. (IMPRINT)
تاريخ النشر أو التوزيع 2014.
300 ## - الوصف المادى
التعداد 141 ص. ؛
أبعاد الوعاء 24 سم.
651 07 - المدخل الاضافى بالموضوع - اسم جغرافى
مصدر الرأس أو المصطلح qrmak
الاسم الجغرافي اليمن
التقسيم الفرعي العام تاريخ
التقسيم الفرعي الزمني على عبدالله صالح 1978
651 07 - المدخل الاضافى بالموضوع - اسم جغرافى
مصدر الرأس أو المصطلح qrmak
الاسم الجغرافي اليمن
التقسيم الفرعي العام سياسة وحكومة
700 1# - المدخل الاضافى - اسم شخصى
الإسم الشخصى هدسون، مايكل
الدور معد مشارك
700 1# - المدخل الاضافى - اسم شخصى
الإسم الشخصى دريش، بول
الدور معد مشارك
942 ## - عناصر المدخل الإضافي( كوها)
مصدر التصنيف او مخطط الترفيف Dewey Decimal Classification
Koha [default] item type كتاب
260 ## - PUBLICATION, DISTRIBUTION, ETC. (IMPRINT)
-- ابوظبى :
-- مركز الامارات للدراسات و البحوث الاستراتيجية ،
Holdings
حالة التراجع حالة الفقد حالة تلف ليس للاعارة المكان المؤقت الموقع الحالى موقع الترفيف تاريخ الاكتساب اجمالي اﻻعارات رقم الطلب الباركود تاريخ اخر مشاهدة تاريخ تفعيل السعر نوع وعاء كوها
        مكتبة القاهرة الكبرى مكتبة القاهرة الكبرى القاعة الرئيسية 09/26/2017   953.2081 / ج ح 163383 09/26/2017 09/26/2017 كتاب

Powered By

EGPV